Расчет трубопроводных транспортных систем металлургических предприятий. Теория. Практические приложения. Математические основы: учебное пособие для вузов

Dades bibliogràfiques
Autor principal: Кузнецов В. Н. Владлен Николаевич
Altres autors: Евдокимов А. Г. Анатолий Гаврилович
Sumari:Рассматриваются теоретические и прикладные аспекты проблем рациональной эксплуатации и развития трубопроводных транспортных систем. Пособие является обобщением многолетней научной и педагогической работы авторов в этой области. Рассчитано на студентов технических и экономических специальностей высших учебных заведений, а также научно-технических работников.
Idioma:rus
Publicat: Старый Оскол, ТНТ, 2011
Matèries:
Format: MixedMaterials Llibre
KOHA link:https://koha.lib.tpu.ru/cgi-bin/koha/opac-detail.pl?biblionumber=156796

MARC

LEADER 00000nam0a2200000 4500
001 156796
005 20231101221926.0
010 |a 9785941782529 
035 |a (RuTPU)RU\TPU\book\170047 
090 |a 156796 
100 |a 20090330d2011 m y0rusy50 ca 
101 0 |a rus 
102 |a RU 
105 |a a j 001zy 
200 1 |a Расчет трубопроводных транспортных систем металлургических предприятий. Теория. Практические приложения. Математические основы  |e учебное пособие для вузов  |f В. Н. Кузнецов, А. Г. Евдокимов 
210 |a Старый Оскол  |c ТНТ  |d 2011 
215 |a 312 с.  |c ил. 
320 |a Библиогр.: с. 304-305. 
330 |a Рассматриваются теоретические и прикладные аспекты проблем рациональной эксплуатации и развития трубопроводных транспортных систем. Пособие является обобщением многолетней научной и педагогической работы авторов в этой области. Рассчитано на студентов технических и экономических специальностей высших учебных заведений, а также научно-технических работников. 
606 1 |a Металлургические заводы  |x Трубопроводы  |2 stltpush  |3 (RuTPU)RU\TPU\subj\42769  |9 62409 
610 1 |a металлургия 
610 1 |a металлургические предприятия 
610 1 |a трубопроводный транспорт 
610 1 |a трубопроводные системы 
610 1 |a функции 
610 1 |a безусловная минимизация 
610 1 |a математическое программирование 
610 1 |a линейные ограничения 
610 1 |a квадратичное программирование 
610 1 |a геометрическое программирование 
610 1 |a учебные пособия 
675 |a 669.02(075.8)  |v 3 
700 1 |a Кузнецов  |b В. Н.  |g Владлен Николаевич 
701 1 |a Евдокимов  |b А. Г.  |g Анатолий Гаврилович 
801 1 |a RU  |b 63413507  |c 20090330  |g PSBO 
801 2 |a RU  |b 63413507  |c 20150709  |g RCR 
942 |c BK 
952 |b 220700 
959 |a 42/20090330  |d 2  |e 0  |f АНЛ:1  |f ЧЗТЛ:1 
959 |a 28/20100429  |d 2  |e 0  |f АНЛ:1  |f ЧЗТЛ:1 
959 |a 18/20110131  |d 2  |e 350,00  |f УФ:1  |f ЧЗТЛ:1